000 00702nam a2200253Ia 4500
003 OSt
005 20220924122504.0
006 a|||||r|||| 00| 0
007 ta
008 220923b |||||||| |||| 00| 0 san d
024 _a6680
037 _cTextual
040 _aARTS
_cARTS
_bsan
041 _2san
_asan
082 _a2;1513:8, M1 (2D)
100 _aHarrison Helen P. ed
_9189658
245 0 _aPicture librarianship
260 _aLondon
_bLibrary Association
_c1981
300 _axii,542p
_ccm.
490 _aHandbook an library practice
650 _aLIBRARY SCIENCE
942 _h2;1513:8, M1 (2D)
_cTEXL
_2CC
999 _c411829
_d411829